| 000 | 01471nam0a22002771 4500 | ||
|---|---|---|---|
| 001 | rc\2631035 | ||
| 005 | 20260406094556.0 | ||
| 035 | _a(NLR Aleph) 006794486 | ||
| 090 |
_a6178546 _c6178546 |
||
| 100 | _a20110914d1931 u y0rusy50 ca | ||
| 101 | 0 | _arus | |
| 102 | _aRU | ||
| 105 | _aa z ||||| | ||
| 200 | 1 |
_aФуговальные станки _fСоставлен инж. П. В. Новиковым |
|
| 210 |
_aМосква _aЛенинград _cОгиз - Гос. соц.-экон. изд-во _d1931 _eМосква _g6-я тип. УПП Огиза |
||
| 215 |
_a16 с. текста, (17-34) отд. л. черт. _d26х33 см. |
||
| 225 | 1 |
_aТруды и материалы Государственного научного института охраны труда НКТ, НКЗ и ВСНХ СССР. Тематические атласы предохранительных устройств _fПод общ. ред. директора Ин-та проф. С. И. Каплуна _v№ 14 (т. 3, вып. 4). [Вып. 2] |
|
| 300 | _aНа папке составитель не указан | ||
| 300 | _aВ картонной папке | ||
| 700 | 1 |
_7ca _8rus _aНовиков _bП. В. _cинженер, техника безопасности _f1888- _gПавел Васильевич _3RU\NLR\AUTH\770286928 _92687049 |
|
| 801 | 0 |
_aRU _bNLR _gpsbo |
|
| 801 | 1 |
_aRU _bELAR _2rusmarc |
|
| 852 |
_aNLR _j30.19/691-14 |
||
| 942 | _cBOOK | ||
| 980 | _aNB | ||